[Event "43rd Blackpool Chess Conference 2019"]
[Site "Blackpool"]
[Date "2019.03.10"]
[Round "4.5"]
[White "Watson, Phil R"]
[Black "Han, Yichen"]
[Result "1-0"]
[WhiteElo "2132"]
[BlackElo "2190"]
[Annotator "NA RC"]
[PlyCount "66"]
[EventDate "2019.03.08"]
[EventType "swiss"]
[EventCountry "ENG"]
[SourceTitle "playchess.com"]
[Source "ChessBase"]
[SourceQuality "1"]
[TimeControl "6600+10"]

1. d4 {[%emt 0:00:00]} Nf6 {[%emt 0:04:54]} 2. c4 {[%emt 0:00:07]} g6 {[%emt 0:00:05]} 3. Nc3 {[%emt 0:00:11]} Bg7 {[%emt 0:00:05]} 4. e4 {[%emt 0:00:14]} d6 {[%emt 0:00:04]} 5. f3 {[%emt 0:00:10]} O-O {[%emt 0:00:21]} 6. Bg5 {[%emt 0:00:10]} c5 {[%emt 0:00:06]} 7. d5 {[%emt 0:00:18]} h6 {[%emt 0:00:26]} 8. Be3 {[%emt 0:00:10]} e6 {[%emt 0:00:11]} 9. Qd2 {[%emt 0:01:15]} exd5 {[%emt 0:00:55]} 10. cxd5 {[%emt 0:00:22]} Nbd7 {[%emt 0:09:48]} 11. Nh3 {[%emt 0:10:05]} Ne5 {[%emt 0:04:23]} 12. Nf2 {[%emt 0:00:24]} h5 {[%emt 0:00:21]} 13. Be2 {[%emt 0:02:49]} a6 {[%emt 0:01:04]} 14. a4 {[%emt 0:01:58]} Qa5 {[%emt 0:04:32]} 15. O-O {[%emt 0:01:26]} Bd7 {[%emt 0:08:28]} 16. h3 {[%emt 0:13:02]} Qb4 {[%emt 0:02:15]} 17. Qc1 {[%emt 0:13:34]} Nh7 {[%emt 0:17:28]} 18. Na2 {[%emt 0:08:23]} Qxb2 {[%emt 0:17:20]} 19. Qxb2 {[%emt 0:01:02]} Nxf3+ {[%emt 0:00:05]} 20. gxf3 {[%emt 0:02:21]} Bxb2 {[%emt 0:00:07]} 21. Rab1 {[%emt 0:00:37]} Bg7 {[%emt 0:00:15]} 22. a5 {[%emt 0:01:37]} Rfb8 {[%emt 0:04:27]} 23. Bf4 {[%emt 0:02:33]} Bf8 {[%emt 0:00:11]} 24. Rb6 {[%emt 0:01:17]} Be7 {[%emt 0:01:45]} 25. Bxd6 {[%emt 0:02:51]} Bxd6 {[%emt 0:00:20]} 26. Rxd6 {[%emt 0:00:08]} Bb5 {[%emt 0:00:31]} 27. Nc3 {[%emt 0:01:23]} c4 {[%emt 0:00:09]} 28. Rb1 {[%emt 0:01:04]} Rc8 {[%emt 0:00:10]} 29. Rb6 {[%emt 0:02:26]} Rc5 {[%emt 0:00:27]} 30. Nxb5 {[%emt 0:04:12]} axb5 {[%emt 0:00:06]} 31. R6xb5 {[%emt 0:00:41]} Rxa5 {[%emt 0:00:19]} 32. Rxa5 {[%emt 0:00:39]} Rxa5 {[%emt 0:00:06]} 33. Bxc4 {[%emt 0:00:37]} Ra8 {[%emt 0:33:46]} 1-0

[Event "43rd Blackpool Chess Conference 2019"]
[Site "Blackpool"]
[Date "2019.03.10"]
[Round "4.6"]
[White "Milson, Samuel A"]
[Black "Frew, Elliot"]
[Result "0-1"]
[WhiteElo "2096"]
[BlackElo "2080"]
[Annotator "NA"]
[PlyCount "68"]
[EventDate "2019.03.08"]
[EventType "swiss"]
[EventCountry "ENG"]
[SourceTitle "playchess.com"]
[Source "ChessBase"]
[SourceQuality "1"]
[TimeControl "6600+10"]

1. e4 {[%emt 0:00:00]} c5 {[%emt 0:02:18]} 2. Nf3 {[%emt 0:00:00]} e6 {[%emt 0:00:05]} 3. d4 {[%emt 0:00:10]} cxd4 {[%emt 0:00:05]} 4. Nxd4 {[%emt 0:00:05]} a6 {[%emt 0:00:04]} 5. f4 {[%emt 0:03:48]} Qc7 {[%emt 0:05:13]} 6. Qf3 {[%emt 0:03:06]} Bc5 {[%emt 0:01:25]} 7. Nb3 {[%emt 0:01:43]} Ba7 {[%emt 0:01:18]} 8. Bd3 {[%emt 0:01:27]} Nf6 {[%emt 0:02:10]} 9. Nc3 {[%emt 0:03:11]} d6 {[%emt 0:00:09]} 10. Be3 {[%emt 0:03:23]} Bxe3 {[%emt 0:00:07]} 11. Qxe3 {[%emt 0:00:05]} Nbd7 {[%emt 0:00:37]} 12. O-O {[%emt 0:02:01]} b6 {[%emt 0:01:47]} 13. Rae1 {[%emt 0:02:55]} Bb7 {[%emt 0:03:05]} 14. Qg3 {[%emt 0:01:04]} O-O {[%emt 0:11:47]} 15. e5 {[%emt 0:03:34]} Ne8 {[%emt 0:03:59]} 16. Qh4 {[%emt 0:01:02]} h6 {[%emt 0:00:14]} 17. Re3 {[%emt 0:02:54]} dxe5 {[%emt 0:07:06]} 18. Rg3 {[%emt 0:05:35]} e4 {[%emt 0:00:23]} 19. Nxe4 {[%emt 0:01:41]} f5 {[%emt 0:01:00]} 20. Ned2 {[%emt 0:12:34]} Rf6 {[%emt 0:01:33]} 21. Nd4 {[%emt 0:03:16]} Nc5 {[%emt 0:04:28]} 22. Be2 {[%emt 0:00:42]} Rd8 {[%emt 0:02:00]} 23. c3 {[%emt 0:02:33]} b5 {[%emt 0:04:37]} 24. Re3 {[%emt 0:10:17]} Rg6 {[%emt 0:08:00]} 25. Rf2 {[%emt 0:00:48]} Nf6 {[%emt 0:01:25]} 26. h3 {[%emt 0:04:10]} Nfe4 {[%emt 0:03:27]} 27. Nxe4 {[%emt 0:00:27]} Nxe4 {[%emt 0:00:12]} 28. Rf1 {[%emt 0:04:36]} Nxc3 {[%emt 0:06:24]} 29. Bf3 {[%emt 0:05:33]} Ne4 {[%emt 0:06:32]} 30. Nb3 {[%emt 0:08:23]} Qb6 {[%emt 0:01:42]} 31. Kh2 {[%emt 0:02:44]} Nd2 {[%emt 0:01:59]} 32. Rfe1 {[%emt 0:02:42]} Nxf3+ {[%emt 0:07:06]} 33. gxf3 {[%emt 0:00:24]} Bd5 {[%emt 0:00:45]} 34. Nd4 {[%emt 0:08:29]} Bxa2 {[%emt 0:02:19]} 0-1

[Event "43rd Blackpool Chess Conference 2019"]
[Site "Blackpool"]
[Date "2019.03.10"]
[Round "4.8"]
[White "Walker, Nicholas A"]
[Black "White, Stuart A"]
[Result "0-1"]
[WhiteElo "1976"]
[BlackElo "2108"]
[Annotator "NA"]
[PlyCount "144"]
[EventDate "2019.03.08"]
[EventType "swiss"]
[EventCountry "ENG"]
[SourceTitle "playchess.com"]
[Source "ChessBase"]
[SourceQuality "1"]
[TimeControl "6600+10"]

1. e4 {[%emt 0:00:00]} c5 {[%emt 0:00:00]} 2. d4 {[%emt 0:00:01]} cxd4 {[%emt 0:00:00]} 3. c3 {[%emt 0:00:07]} dxc3 {[%emt 0:00:03]} 4. Nxc3 {[%emt 0:00:04]} Nc6 {[%emt 0:00:12]} 5. Bc4 {[%emt 0:00:11]} e6 {[%emt 0:00:31]} 6. Nf3 {[%emt 0:00:14]} a6 {[%emt 0:00:21]} 7. O-O {[%emt 0:00:09]} b5 {[%emt 0:00:29]} 8. Bb3 {[%emt 0:00:06]} Bb7 {[%emt 0:00:57]} 9. Qe2 {[%emt 0:00:25]} Nge7 {[%emt 0:03:52]} 10. Bg5 {[%emt 0:06:35]} f6 {[%emt 0:01:35]} 11. Be3 {[%emt 0:00:17]} Na5 {[%emt 0:02:30]} 12. Bc2 {[%emt 0:09:34]} Nc4 {[%emt 0:10:52]} 13. Bc1 {[%emt 0:01:30]} Rc8 {[%emt 0:00:54]} 14. Rd1 {[%emt 0:05:42]} Ng6 {[%emt 0:09:54]} 15. Nd4 {[%emt 0:04:31]} Qc7 {[%emt 0:05:33]} 16. a3 {[%emt 0:13:45]} Bc5 {[%emt 0:15:00]} 17. Kh1 {[%emt 0:07:41]} Be7 {[%emt 0:06:00]} 18. Rd3 {[%emt 0:09:00]} Nf4 {[%emt 0:07:39]} 19. Bxf4 {[%emt 0:00:14]} Qxf4 {[%emt 0:00:04]} 20. Rg3 {[%emt 0:08:37]} O-O {[%emt 0:02:30]} 21. Bb3 {[%emt 0:04:56]} Qe5 {[%emt 0:03:44]} 22. Rd1 {[%emt 0:01:54]} Bc5 {[%emt 0:04:37]} 23. Nf3 {[%emt 0:04:12]} Qc7 {[%emt 0:01:05]} 24. Nh4 {[%emt 0:02:09]} Bd6 {[%emt 0:03:08]} 25. Rh3 {[%emt 0:01:38]} Be5 {[%emt 0:14:19]} 26. Bxc4 {[%emt 0:02:15]} bxc4 {[%emt 0:00:46]} 27. Nf3 {[%emt 0:06:47]} Rfd8 {[%emt 0:03:01]} 28. Nxe5 {[%emt 0:01:01]} Qxe5 {[%emt 0:00:05]} 29. Rh5 {[%emt 0:00:37]} Qf4 {[%emt 0:01:13]} 30. g3 {[%emt 0:02:23]} Qc7 {[%emt 0:00:49]} 31. f3 {[%emt 0:02:39]} g6 {[%emt 0:00:30]} 32. Rh4 {[%emt 0:00:46]} Qc5 {[%emt 0:01:07]} 33. Qd2 {[%emt 0:01:26]} d5 {[%emt 0:03:13]} 34. Qh6 {[%emt 0:03:41]} Qe7 {[%emt 0:00:08]} 35. exd5 {[%emt 0:01:28]} Bxd5 {[%emt 0:00:49]} 36. Nxd5 {[%emt 0:00:48]} Rxd5 {[%emt 0:00:15]} 37. Rc1 {[%emt 0:01:24]} Rdc5 {[%emt 0:01:29]} 38. Qe3 {[%emt 0:00:33]} e5 {[%emt 0:00:35]} 39. Qe2 {[%emt 0:01:09]} Qe6 {[%emt 0:00:17]} 40. Re4 {[%emt 0:00:22]} f5 {[%emt 0:00:25]} 41. Re3 {[%emt 0:00:20]} Kf7 {[%emt 0:01:00]} 42. Kg2 {[%emt 0:00:16]} Rd8 {[%emt 0:00:32]} 43. Rd1 {[%emt 0:00:32]} Rxd1 {[%emt 0:00:18]} 44. Qxd1 {[%emt 0:00:03]} Rd5 {[%emt 0:00:16]} 45. Qc2 {[%emt 0:00:26]} Rd4 {[%emt 0:00:18]} 46. Qc3 {[%emt 0:01:01]} Qd5 {[%emt 0:00:10]} 47. b3 {[%emt 0:00:27]} Rd3 {[%emt 0:00:52]} 48. Rxd3 {[%emt 0:00:27]} cxd3 {[%emt 0:00:03]} 49. Qc7+ {[%emt 0:00:22]} Ke6 {[%emt 0:00:01]} 50. Qc8+ {[%emt 0:00:15]} Ke7 {[%emt 0:00:39]} 51. Qc7+ {[%emt 0:00:07]} Kf6 {[%emt 0:00:06]} 52. Qb6+ {[%emt 0:00:08]} Kg7 {[%emt 0:01:23]} 53. Qa7+ {[%emt 0:00:13]} Kh6 {[%emt 0:00:32]} 54. Qe3+ {[%emt 0:00:04]} g5 {[%emt 0:00:46]} 55. h4 {[%emt 0:03:38]} f4 56. hxg5+ {[%emt 0:00:00]} Kxg5 {[%emt 0:00:06]} 57. gxf4+ {[%emt 0:00:00]} exf4 {[%emt 0:00:05]} 58. Qe7+ {[%emt 0:00:00]} Kf5 {[%emt 0:00:22]} 59. Qxh7+ {[%emt 0:00:00]} Ke5 {[%emt 0:00:24]} 60. Qh5+ {[%emt 0:00:00]} Kd4 {[%emt 0:00:19]} 61. Qh8+ {[%emt 0:00:00]} Ke3 {[%emt 0:00:17]} 62. Qc3 {[%emt 0:00:00]} Qxf3+ {[%emt 0:00:04]} 63. Kh2 {[%emt 0:00:00]} Qg3+ {[%emt 0:00:08]} 64. Kh1 {[%emt 0:00:00]} Qf3+ {[%emt 0:00:17]} 65. Kh2 {[%emt 0:00:00]} Qf2+ {[%emt 0:00:01]} 66. Kh1 {[%emt 0:00:00]} Qf1+ {[%emt 0:00:02]} 67. Kh2 {[%emt 0:00:00]} Qe2+ {[%emt 0:00:02]} 68. Kh3 {[%emt 0:00:00]} f3 {[%emt 0:00:24]} 69. Qe5+ {[%emt 0:00:00]} Kd2 {[%emt 0:00:13]} 70. Qb2+ {[%emt 0:00:00]} Ke1 {[%emt 0:00:07]} 71. Qc3+ {[%emt 0:00:00]} d2 {[%emt 0:00:04]} 72. b4 {[%emt 0:01:20]} Kf1 {[%emt 0:00:09]} 0-1

[Event "43rd Blackpool Chess Conference 2019"]
[Site "Blackpool"]
[Date "2019.03.10"]
[Round "4.9"]
[White "Phillips, David A"]
[Black "Tarr, Steve F"]
[Result "1-0"]
[WhiteElo "2040"]
[BlackElo "1680"]
[Annotator "NA"]
[PlyCount "86"]
[EventDate "2019.03.08"]
[EventType "swiss"]
[EventCountry "ENG"]
[SourceTitle "playchess.com"]
[Source "ChessBase"]
[SourceQuality "1"]
[TimeControl "6600+10"]

1. Nf3 {[%emt 0:00:16]} c5 {[%emt 0:00:55]} 2. g3 {[%emt 0:00:27]} Nc6 {[%emt 0:00:32]} 3. Bg2 {[%emt 0:00:17]} g6 {[%emt 0:00:37]} 4. c4 {[%emt 0:01:09]} Nf6 {[%emt 0:00:52]} 5. b3 {[%emt 0:00:50]} Bg7 {[%emt 0:01:48]} 6. Bb2 {[%emt 0:04:29]} O-O {[%emt 0:01:19]} 7. O-O {[%emt 0:00:05]} Rb8 {[%emt 0:08:59]} 8. d4 {[%emt 0:00:46]} cxd4 {[%emt 0:09:17]} 9. Nxd4 {[%emt 0:00:08]} Nxd4 {[%emt 0:00:52]} 10. Bxd4 {[%emt 0:01:16]} b6 {[%emt 0:01:18]} 11. Nc3 {[%emt 0:02:24]} Bb7 {[%emt 0:01:15]} 12. e4 {[%emt 0:03:43]} Ne8 {[%emt 0:08:30]} 13. Bxg7 {[%emt 0:01:35]} Nxg7 {[%emt 0:00:17]} 14. Qe2 {[%emt 0:00:24]} Qc8 {[%emt 1:15:49]} 15. Rfd1 {[%emt 0:02:41]} f5 {[%emt 0:00:00]} 16. Nd5 {[%emt 0:04:09]} Bxd5 {[%emt 0:00:00]} 17. Rxd5 {[%emt 0:03:49]} e6 {[%emt 0:00:00]} 18. Rd2 {[%emt 0:01:05]} Rf7 {[%emt 0:00:00]} 19. Rad1 {[%emt 0:01:01]} Qc7 {[%emt 0:00:00]} 20. f4 {[%emt 0:06:53]} fxe4 {[%emt 0:00:00]} 21. Bxe4 {[%emt 0:03:56]} b5 {[%emt 0:00:00]} 22. cxb5 {[%emt 0:10:37]} Qb6+ {[%emt 0:00:00]} 23. Kg2 {[%emt 0:01:01]} d5 {[%emt 0:00:00]} 24. Bd3 {[%emt 0:02:11]} Nf5 {[%emt 0:00:00]} 25. Bxf5 {[%emt 0:02:39]} Rxf5 {[%emt 0:00:00]} 26. Re1 {[%emt 0:07:59]} Re8 {[%emt 0:00:00]} 27. a4 {[%emt 0:04:12]} d4 {[%emt 0:00:00]} 28. Qc4 {[%emt 0:01:53]} Rd5 {[%emt 0:00:00]} 29. b4 {[%emt 0:03:15]} Rd6 {[%emt 0:00:00]} 30. Rc1 {[%emt 0:06:52]} Qb7+ {[%emt 0:00:00]} 31. Kf2 {[%emt 0:00:30]} Rdd8 {[%emt 0:00:00]} 32. Qc6 {[%emt 0:04:38]} Qe7 {[%emt 0:00:00]} 33. Qc5 {[%emt 0:01:09]} Qb7 {[%emt 0:00:00]} 34. Qe5 {[%emt 0:01:56]} d3 {[%emt 0:00:00]} 35. Rc7 {[%emt 0:04:40]} Qb6+ {[%emt 0:00:00]} 36. Kf3 {[%emt 0:09:37]} Qd4 {[%emt 0:00:00]} 37. Qxd4 {[%emt 0:03:47]} Rxd4 {[%emt 0:00:00]} 38. Rxa7 {[%emt 0:00:02]} e5 {[%emt 0:00:00]} 39. fxe5 {[%emt 0:02:50]} Rxe5 {[%emt 0:00:00]} 40. b6 {[%emt 0:00:11]} Re8 {[%emt 0:00:00]} 41. b7 {[%emt 0:00:26]} Rxb4 {[%emt 0:00:00]} 42. Rxd3 {[%emt 0:00:35]} Rb2 {[%emt 0:00:42]} 43. Ra8 {[%emt 0:00:45]} Rf8+ {[%emt 0:04:08]} 1-0

[Event "43rd Blackpool Chess Conference 2019"]
[Site "Blackpool"]
[Date "2019.03.10"]
[Round "4.10"]
[White "Ther, Mate"]
[Black "Dobson, Graham"]
[Result "0-1"]
[WhiteElo "1895"]
[BlackElo "1879"]
[Annotator "NA"]
[PlyCount "98"]
[EventDate "2019.03.08"]
[EventType "swiss"]
[EventCountry "ENG"]
[SourceTitle "playchess.com"]
[Source "ChessBase"]
[SourceQuality "1"]
[TimeControl "6600+10"]

1. e4 {[%emt 0:00:00]} c6 {[%emt 0:00:15]} 2. d4 {[%emt 0:00:00]} d5 {[%emt 0:00:04]} 3. Nc3 {[%emt 0:00:00]} dxe4 {[%emt 0:00:06]} 4. Nxe4 {[%emt 0:00:04]} Nf6 {[%emt 0:00:45]} 5. Nxf6+ {[%emt 0:00:04]} gxf6 {[%emt 0:00:19]} 6. c3 {[%emt 0:00:04]} Bf5 {[%emt 0:00:59]} 7. Nf3 {[%emt 0:02:24]} Qc7 {[%emt 0:01:50]} 8. g3 {[%emt 0:01:30]} e5 {[%emt 0:02:16]} 9. Bg2 {[%emt 0:01:22]} Nd7 {[%emt 0:00:19]} 10. Be3 {[%emt 0:00:55]} h5 {[%emt 0:03:15]} 11. Qe2 {[%emt 0:11:32]} Bg4 {[%emt 0:02:17]} 12. h3 {[%emt 0:01:23]} Be6 {[%emt 0:01:07]} 13. Nh4 {[%emt 0:06:32]} Bd6 {[%emt 0:03:09]} 14. Be4 {[%emt 0:03:41]} Nb6 {[%emt 0:08:12]} 15. Nf5 {[%emt 0:04:33]} O-O-O {[%emt 0:03:12]} 16. Nxd6+ {[%emt 0:00:19]} Rxd6 {[%emt 0:04:55]} 17. f4 {[%emt 0:07:12]} Rd7 {[%emt 0:04:02]} 18. fxe5 {[%emt 0:00:23]} fxe5 {[%emt 0:00:04]} 19. Qf2 {[%emt 0:04:35]} Re8 {[%emt 0:15:24]} 20. Kf1 {[%emt 0:11:17]} Kb8 {[%emt 0:06:06]} 21. Kg1 {[%emt 0:01:33]} Rf8 {[%emt 0:08:11]} 22. dxe5 {[%emt 0:01:49]} Nc4 {[%emt 0:03:09]} 23. Bf4 {[%emt 0:03:57]} Rfd8 {[%emt 0:05:11]} 24. Re1 {[%emt 0:02:32]} Qa5 {[%emt 0:10:03]} 25. a3 {[%emt 0:05:44]} Ka8 {[%emt 0:01:33]} 26. Kh2 {[%emt 0:02:02]} Nxe5 {[%emt 0:05:49]} 27. Bxe5 {[%emt 0:04:31]} Qxe5 {[%emt 0:00:03]} 28. Bxc6 {[%emt 0:04:56]} Rd2 {[%emt 0:00:02]} 29. Rxe5 {[%emt 0:00:16]} Rxf2+ {[%emt 0:00:16]} 30. Kg1 {[%emt 0:00:04]} Rdd2 {[%emt 0:00:25]} 31. Bd5 {[%emt 0:01:06]} Rxb2 {[%emt 0:01:48]} 32. Bxe6 {[%emt 0:00:35]} fxe6 {[%emt 0:00:58]} 33. Rxe6 {[%emt 0:00:06]} a6 {[%emt 0:00:10]} 34. Re3 {[%emt 0:01:58]} Rfc2 {[%emt 0:00:19]} 35. Kf1 {[%emt 0:00:20]} Rc1+ {[%emt 0:00:06]} 36. Re1 {[%emt 0:00:06]} Rxc3 {[%emt 0:00:03]} 37. g4 {[%emt 0:02:07]} hxg4 {[%emt 0:01:24]} 38. hxg4 {[%emt 0:00:14]} Rxa3 {[%emt 0:00:02]} 39. Rh8+ {[%emt 0:01:12]} Ka7 {[%emt 0:00:01]} 40. Re2 {[%emt 0:00:58]} Rb4 {[%emt 0:02:21]} 41. Rg8 {[%emt 0:00:24]} Rg3 {[%emt 0:00:31]} 42. Rg2 {[%emt 0:00:06]} Rxg2 {[%emt 0:03:26]} 43. Kxg2 {[%emt 0:00:07]} a5 {[%emt 0:00:04]} 44. g5 {[%emt 0:00:06]} a4 {[%emt 0:00:06]} 45. Kf3 {[%emt 0:00:11]} a3 {[%emt 0:02:18]} 46. g6 {[%emt 0:00:27]} a2 {[%emt 0:00:55]} 47. g7 {[%emt 0:00:07]} a1=Q {[%emt 0:00:08]} 48. Ra8+ {[%emt 0:00:08]} Kxa8 {[%emt 0:00:01]} 49. g8=Q+ {[%emt 0:00:09]} Ka7 {[%emt 0:10:11]} 0-1

[Event "43rd Blackpool Chess Conference 2019"]
[Site "Blackpool"]
[Date "2019.03.10"]
[Round "4.11"]
[White "Okhai, Shabir"]
[Black "Boswell, Jacob Connor"]
[Result "1-0"]
[WhiteElo "2073"]
[BlackElo "2043"]
[Annotator "NA"]
[PlyCount "35"]
[EventDate "2019.03.08"]
[EventType "swiss"]
[EventCountry "ENG"]
[SourceTitle "playchess.com"]
[Source "ChessBase"]
[SourceQuality "1"]
[TimeControl "6600+10"]

1. e4 {[%emt 0:01:31]} e5 {[%emt 0:00:00]} 2. Nf3 {[%emt 0:00:03]} Nc6 {[%emt 0:00:00]} 3. Bc4 {[%emt 0:00:02]} Bc5 {[%emt 0:00:06]} 4. c3 {[%emt 0:00:02]} Nf6 {[%emt 0:00:08]} 5. d3 {[%emt 0:00:02]} O-O {[%emt 0:00:25]} 6. O-O {[%emt 0:00:20]} d5 {[%emt 0:01:29]} 7. exd5 {[%emt 0:00:12]} Nxd5 {[%emt 0:00:14]} 8. Nbd2 {[%emt 0:01:58]} Bb6 {[%emt 0:03:27]} 9. Re1 {[%emt 0:02:12]} Re8 {[%emt 0:04:55]} 10. d4 {[%emt 0:03:38]} Nf4 {[%emt 0:08:17]} 11. Ne4 {[%emt 0:05:16]} Bg4 {[%emt 0:11:25]} 12. Bxf7+ {[%emt 0:03:40]} Kxf7 {[%emt 0:16:44]} 13. Nfg5+ {[%emt 0:00:23]} Kg8 {[%emt 0:00:12]} 14. Qxg4 {[%emt 0:00:07]} Nd5 {[%emt 0:02:29]} 15. Qf5 {[%emt 0:03:23]} Nf6 {[%emt 0:01:49]} 16. Nxf6+ {[%emt 0:01:13]} Qxf6 {[%emt 0:00:07]} 17. Qxh7+ {[%emt 0:00:20]} Kf8 {[%emt 0:00:10]} 18. Re3 {[%emt 0:04:24]} 1-0

[Event "43rd Blackpool Chess Conference 2019"]
[Site "Blackpool"]
[Date "2019.03.10"]
[Round "4.12"]
[White "Paul, Nathanael"]
[Black "Wall, Tim P"]
[Result "0-1"]
[WhiteElo "1924"]
[BlackElo "2234"]
[Annotator "NA RC"]
[PlyCount "92"]
[EventDate "2019.03.08"]
[EventType "swiss"]
[EventCountry "ENG"]
[SourceTitle "playchess.com"]
[Source "ChessBase"]
[SourceQuality "1"]
[TimeControl "6600+10"]

1. d4 {[%emt 0:00:00]} Nf6 {[%emt 0:04:36]} 2. Nc3 {[%emt 0:00:02]} d6 {[%emt 0:02:17]} 3. Bf4 {[%emt 0:02:02]} Nbd7 {[%emt 0:04:38]} 4. Nf3 {[%emt 0:00:28]} c6 {[%emt 0:01:10]} 5. Qd2 {[%emt 0:04:40]} Qa5 {[%emt 0:02:32]} 6. Rd1 {[%emt 0:08:10]} d5 {[%emt 0:03:09]} 7. h3 {[%emt 0:05:51]} e6 {[%emt 0:03:58]} 8. a3 {[%emt 0:02:25]} b5 {[%emt 0:02:39]} 9. Nb1 {[%emt 0:06:32]} Qb6 {[%emt 0:04:51]} 10. c3 {[%emt 0:02:18]} Be7 {[%emt 0:04:20]} 11. e3 {[%emt 0:17:30]} c5 {[%emt 0:02:39]} 12. Bd3 {[%emt 0:00:11]} O-O {[%emt 0:01:24]} 13. Qe2 {[%emt 0:01:47]} c4 {[%emt 0:03:25]} 14. Bc2 {[%emt 0:00:05]} a5 {[%emt 0:00:19]} 15. Nbd2 {[%emt 0:05:33]} b4 {[%emt 0:01:24]} 16. a4 {[%emt 0:01:12]} Bb7 {[%emt 0:04:38]} 17. e4 {[%emt 0:07:58]} bxc3 {[%emt 0:06:38]} 18. bxc3 {[%emt 0:01:25]} Qb2 {[%emt 0:00:16]} 19. Nb1 {[%emt 0:01:45]} dxe4 {[%emt 0:02:32]} 20. Ne5 {[%emt 0:03:03]} Qb6 {[%emt 0:05:09]} 21. O-O {[%emt 0:04:20]} Rfd8 {[%emt 0:10:16]} 22. Rfe1 {[%emt 0:22:14]} Bd5 {[%emt 0:08:42]} 23. Nxd7 {[%emt 0:03:04]} Rxd7 {[%emt 0:00:42]} 24. Be5 {[%emt 0:00:47]} Rad8 {[%emt 0:06:31]} 25. Qe3 {[%emt 0:03:40]} Qc6 {[%emt 0:03:18]} 26. Nd2 {[%emt 0:00:31]} Rb7 {[%emt 0:02:07]} 27. Rb1 {[%emt 0:04:04]} Rdd7 {[%emt 0:01:47]} 28. Bxf6 {[%emt 0:00:24]} Bxf6 {[%emt 0:00:13]} 29. Nxe4 {[%emt 0:00:05]} Be7 {[%emt 0:00:44]} 30. f3 {[%emt 0:00:32]} h6 {[%emt 0:03:49]} 31. Nf2 {[%emt 0:00:35]} Rxb1 {[%emt 0:00:55]} 32. Rxb1 {[%emt 0:00:05]} Rb7 {[%emt 0:00:10]} 33. Rxb7 {[%emt 0:01:26]} Qxb7 {[%emt 0:00:07]} 34. Qc1 {[%emt 0:00:02]} Qb6 {[%emt 0:04:18]} 35. Kf1 {[%emt 0:00:32]} Qb8 {[%emt 0:01:44]} 36. Ng4 {[%emt 0:00:28]} Bg5 {[%emt 0:01:25]} 37. Qb1 {[%emt 0:00:05]} Qxb1+ {[%emt 0:01:07]} 38. Bxb1 {[%emt 0:00:02]} Bd2 {[%emt 0:00:11]} 39. Ne5 {[%emt 0:00:22]} f6 {[%emt 0:00:46]} 40. Nd7 $19 {[%emt 0:00:14]} Bxc3 {[%emt 0:00:11]} 41. Be4 {[%emt 0:00:06]} Bxd4 {[%emt 0:00:22]} 42. Bc2 {[%emt 0:00:11]} Kf7 {[%emt 0:00:46]} 43. Nb8 {[%emt 0:00:06]} Ke7 {[%emt 0:00:16]} 44. Na6 {[%emt 0:00:16]} Kd6 {[%emt 0:00:17]} 45. Bg6 {[%emt 0:00:09]} c3 {[%emt 0:00:28]} 46. Ke1 {[%emt 0:00:07]} Bc4 {[%emt 0:00:14]} 0-1

[Event "43rd Blackpool Chess Conference 2019"]
[Site "Blackpool"]
[Date "2019.03.10"]
[Round "5.2"]
[White "Hebden, Mark L"]
[Black "Allis, Richard"]
[Result "1-0"]
[WhiteElo "2417"]
[BlackElo "2052"]
[Annotator "TA"]
[PlyCount "15"]
[EventDate "2019.03.08"]
[EventType "swiss"]
[EventCountry "ENG"]
[SourceTitle "playchess.com"]
[Source "ChessBase"]
[SourceQuality "1"]

{[%evp 9,15,70,110,95,96,99,100,82]} 1. d4 f5 2. Nf3 Nf6 3. g3 b5 (3... g6 4. Bg2 Bg7 5. O-O O-O 6. c4 d6 7. Nc3 Nc6 8. d5 Nb4 9. a3 Na6 10. Qc2 Bd7 11. b4 c6 12. dxc6 bxc6 13. Bb2 Rc8 14. Rfd1 Qe8 15. Rac1 Kh8 {1-0 (27) Karjakin,S (2783)-Nepomniachtchi,I (2751) chess.com INT 2017}) 4. Qd3 e6 5. Qxb5 Nc6 $146 ({Predecessor:} 5... Be7 6. Bg2 O-O 7. c4 Nc6 8. O-O Qe8 9. Qa4 Rb8 10. a3 d6 11. Qc2 {1-0 (40) Whiteley,A (2370)-Rumens,D (2300) Portsmouth (Southsea) 1976}) 6. c3 {White is better. A81: Dutch Defence: 2 g3} Rb8 7. Qa4 Bb7 8. Bg2 1-0

[Event "43rd Blackpool Chess Conference 2019"]
[Site "Blackpool"]
[Date "2019.03.10"]
[Round "5.3"]
[White "Frew, Elliot"]
[Black "Ellames, Roy"]
[Result "1/2-1/2"]
[WhiteElo "2080"]
[BlackElo "2035"]
[Annotator "NA"]
[PlyCount "40"]
[EventDate "2019.03.08"]
[EventType "swiss"]
[EventCountry "ENG"]
[SourceTitle "playchess.com"]
[Source "ChessBase"]
[SourceQuality "1"]
[TimeControl "6600+10"]

{[%evp 13,31,20,32767,5,0,32767,-12,-18,32767,-10,-7,-4,-5,0,32767,0,-13,-30,-24,-16]} 1. e4 {[%emt 0:01:59]} d5 {[%emt 0:00:00]} 2. exd5 {[%emt 0:00:08]} Qxd5 {[%emt 0:00:00]} 3. Nc3 {[%emt 0:00:14]} Qd6 {[%emt 0:00:06]} 4. d4 {[%emt 0:01:22]} Nf6 {[%emt 0:00:18]} 5. Nf3 {[%emt 0:00:21]} g6 {[%emt 0:00:07]} 6. Bc4 {[%emt 0:01:04]} Bg7 {[%emt 0:00:26]} 7. Ne5 {[%emt 0:02:13]} O-O {[%emt 0:00:10]} 8. Be3 {[%emt 0:00:51]} a6 {[%emt 0:06:18]} 9. Qf3 {[%emt 0:02:52]} Nbd7 {[%emt 0:06:24]} 10. Nxd7 {[%emt 0:01:30]} Bxd7 {[%emt 0:04:21]} 11. O-O {[%emt 0:01:23]} Bg4 {[%emt 0:19:13]} 12. Qf4 {[%emt 0:02:57]} b5 {[%emt 0:04:31]} 13. Bb3 {[%emt 0:02:41]} Qd7 {[%emt 0:11:49]} 14. f3 {[%emt 0:05:10]} Be6 {[%emt 0:00:17]} 15. Bxe6 {[%emt 0:00:21]} Qxe6 {[%emt 0:00:02]} 16. Bf2 $11 {[%emt 0:00:18]} Nd5 {[%emt 0:04:54]} 17. Nxd5 {[%emt 1:27:26]} Qxd5 {[%emt 0:53:54]} 18. Qxc7 {[%emt 0:00:10]} Rac8 19. Qxe7 Rfe8 20. Qa3 Rxc2 {[%emt 0:00:30]} 1/2-1/2